00433 a2200121 4500001000900000005001700009008004100026245010000067100002800167700002300195700002300218773007000241ART_825220260410161557.0260409a 10aLa conducta profesional del contador público y su neutralidad desde el punto de vista ético1 aCanetti, Miguel Marcelo1 aFreire, Liliana B.1 aNeira, Graciela M.0 tProfesional & Empresariag- Año XII, Nº 128 (may. 2010)wREV70